|
|
|
|
| LEADER |
00000nam a22000007a 4500 |
| 005 |
20180711005722.0 |
| 007 |
cr|||| |||| |
| 008 |
180711s2018 br |||||s|||| 00||0 por d |
| 020 |
|
|
|a 978-85-361-9521-6
|
| 035 |
|
|
|a 21768
|
| 040 |
|
|
|a vLex
|
| 090 |
|
|
|c 8023
|d 8023
|
| 100 |
1 |
|
|a Schiavi, Mauro
|
| 245 |
1 |
0 |
|a Manual de Direito Processual do Trabalho 2018
|h [Recurso electrn̤ico] /
|c Mauro Schiavi
|
| 250 |
|
|
|a 13 Edicin̤
|
| 256 |
|
|
|a Servicio en ln̕ea
|
| 260 |
|
|
|a San Pablo:
|b LTR,
|c 2018
|
| 300 |
|
|
|a 1 recurso electrn̤ico
|
| 500 |
|
|
|a A obra, elaborada de forma didt̀ica, abordando todos os institutos que regem o Direito Processual do Trabalho e a atividade da Justiȧ do Trabalho, apresenta uma visô moderna do Processo do Trabalho, sem deixar de lado a doutrina cls̀sica, a jurisprudn̊cia consolidada dos Tribunais Trabalhistas e tudo que existe de bom na CLT, destacando os institutos e peculiaridades do processo do trabalho como sendo um processo de audin̊cia, de partes mais simples e menos burocratizado, mas tambm̌, com os olhos voltados para os princp̕ios constitucionais do processo, reconhecendo os recentes avanȯs do Direito Processual Civil, que podem ser transportados para o Processo do Trabalho como medida de melhoria da prestaȯ̂ jurisdicional trabalhista e prestg̕io da dignidade da Justiȧ do Trabalho, como instituiȯ̂ destinada ̉solucionar os conflitos que envolvem o trabalho humano. Este livro destina-se a todos que militam na Justiȧ do Trabalho: juz̕es, advogados, procuradores, professores, servidores da justiȧ, estudantes e, tambm̌, a todos que se preparam para os concursos da magistratura, Ministřio Pb︢lico do Trabalho, OAB e analista dos tribunais.
|
| 506 |
1 |
|
|a Disponible solo en los productos indicados
|d vLex Global
|d vLex Global (Academic Edition, excluding Law Schools)
|d vLex Global (U.S. Academic Edition, Law Schools)
|d vLex Global (U.S. Academic Edition, excluding Law Schools)
|d vLex Global (Academic Edition, Law Schools)
|
| 650 |
0 |
4 |
|a Derecho Procesal
|z Brasil
|
| 650 |
0 |
4 |
|a Procedimiento Laboral
|z Brasil
|
| 740 |
0 |
|
|a vLex Libros (Servicio en ln̕ea)
|
| 856 |
4 |
0 |
|u http://vlex.com/source/manual-de-direito-processual-do-trabalho-13a-edi-o-2018-21768
|z Acceso restringido
|
| 942 |
|
|
|c BOOK
|
| 999 |
0 |
|
|a Procedural Law
|
| 999 |
0 |
|
|a Labor Procedure
|